书目信息 |
| 题名: |
101条花斑狗
|
|
| 作者: | 史密斯 著 ;陈复庵, , 陈惠德 译 | |
| 分册: | 上 | |
| 出版信息: | 北京 中国对外翻译出版有限公司 2012.07 |
|
| 页数: | 175页 | |
| 开本: | 23cm | |
| 丛书名: | 双语名著无障碍阅读丛书 | |
| 单 册: | ||
| 中图分类: | H319.4:I | |
| 科图分类: | ||
| 主题词: | 长篇小说--chang pian xiao shuo--英国--现代--英语--汉语--对照读物 | |
| 电子资源: | ||
| ISBN: | 978-7-5001-3445-9 | |
| 000 | 01199nam 2200301 450 | |
| 001 | CAL 010030164923 | |
| 005 | 20150826165505.01 | |
| 010 | @a978-7-5001-3445-9@dCNY15.00 | |
| 100 | @a20121206d2012 em y0chiy50 ea | |
| 101 | 1 | @achi@aeng@ceng |
| 102 | @aCN@b110000 | |
| 105 | @aa z 000ay | |
| 106 | @ar | |
| 200 | 1 | @a101条花斑狗@A101 tiao hua ban gou@d= The hundred and one dalmatians@h上@f(英国) 多迪·史密斯著@g陈复庵, 陈惠德译@zeng |
| 210 | @a北京@c中国对外翻译出版有限公司@d2012.07 | |
| 215 | @a175页@c图@d23cm | |
| 225 | 2 | @a双语名著无障碍阅读丛书@Ashuang yu ming zhu wu zhang ai yue du cong shu@h第二级 |
| 330 | @a啊, 庞果多么需要喝水啊! “现在和我一起下楼慢慢走到池塘边去, ”上校说, 他用牙齿紧咬着一只小马口铁桶的把手…… | |
| 410 | 0 | @12001 @a双语名著无障碍阅读丛书@h第二级 |
| 500 | 10 | @aHundred and one dalmatians@mChinese |
| 586 | @a | |
| 606 | 0 | @a长篇小说@Achang pian xiao shuo@y英国@z现代@x英语@x汉语@j对照读物 |
| 690 | @aH319.4:I@v5 | |
| 701 | 1 | @a史密斯@Ashi mi si@g(Smith, Dodie),@f1896-1990@4著 |
| 702 | 0 | @a陈复庵,@Achen fu an@f1922-@4译 |
| 702 | 0 | @a陈惠德@Achen hui de@4译 |
| 801 | 0 | @aCN@c20150820 |
| 905 | @a河南城建学院图书馆@dH319.4:I@eS583:1@f3 | |
| 101条花斑狗= The hundred and one dalmatians.上/(英国) 多迪·史密斯著/陈复庵, 陈惠德译.-北京:中国对外翻译出版有限公司,2012.07 |
| 175页:图;23cm.-(双语名著无障碍阅读丛书.第二级) |
| ISBN 978-7-5001-3445-9:CNY15.00 |
| 啊, 庞果多么需要喝水啊! “现在和我一起下楼慢慢走到池塘边去, ”上校说, 他用牙齿紧咬着一只小马口铁桶的把手…… |
| ● |
| 相关链接 |
|
|
|
正题名:101条花斑狗
索取号:H319.4:I/S583:1
 
预约/预借
| 序号 | 登录号 | 条形码 | 馆藏地/架位号 | 状态 | 备注 |
| 1 | 1233442 | 212334428 | 语言库209/209语言库 24排2列5层/ [索取号:H319.4:I/S583:1] | 在馆 | |
| 2 | 1233443 | 212334437 | 语言库209/209语言库 24排2列5层/ [索取号:H319.4:I/S583:1] | 在馆 | |
| 3 | 1233444 | 212334446 | 语言库209/209语言库 24排2列5层/ [索取号:H319.4:I/S583:1] | 在馆 |